000 00449 a2200181 4500
001 066975
003 OSt
005 20211022123005.0
008
082 _a709.51
_bH86I
100 1 _aHudson, W.H.
245 1 _aAn introduction to the study of english literature
_cby W.H. Hudson
250 _a2nd ed.
260 _aDelhi
_bAITBS
_c2009
300 _a352p.
690 _aEnglish Literature
942 _2ddc
_cBK
999 _c965
_d965